Word Ladder: Bandicoot to Dragon Quiz Stats

 Plays Quiz Updated Jun 4, 2019

Score 0/15 Timer 01:30
2 Plays Today
Clue 5-Letter Word % Correct
A piece of pizza (or other pie)SLICE
92.8%
Hold firmlyGRASP
91.7%
Name for your father's father, perhapsGRAMP
91.7%
Oregano, paprika, or Posh, e.g.SPICE
91.1%
Blades on a lawnGRASS
91.1%
Involuntary muscle contractionCRAMP
90.8%
Fold or crease, as with one's hairCRIMP
86.8%
Coarse or crudeCRASS
86.5%
Clue 5-Letter Word % Correct
Partner of 'Punishment' in Russian litCRIME
86.1%
Sludge, goopSLIME
75.4%
Tower topperSPIRE
75.3%
★ _____ Bandicoot ★★ CRASH ★
73.1%
A region as defined by its weatherCLIME
72.8%
Nixon's VP before GeraldSPIRO
67.5%
★ _____ the Dragon ★★ SPYRO ★
34%

Today's Daily Dose

You're not logged in!

Compare scores with friends on all Sporcle quizzes.
OR
Log In

Sporcle TV

Today on Sporcle TV


Watch our educational content, quiz creation guides, and fun videos on Sporcle TV.

Show Comments

Extras

Top Quizzes Today


Score Distribution

Your Account Isn't Verified!

In order to create a playlist on Sporcle, you need to verify the email address you used during registration. Go to your Sporcle Settings to finish the process.

Report this User

Report this user for behavior that violates our Community Guidelines.

Details: